[Event "Hastings International"]
[Site "?"]
[Date "2018.01.07"]
[Round "14.12"]
[White "Brown, Terry L"]
[Black "Paleri, Adithya P"]
[Result "1-0"]
[BlackElo "1652"]
[WhiteElo "1559"]
[LiveChessVersion "1.4.8"]

1. d4 {[%clk 1:50:17]} d5 {[%clk 1:50:17]} 2. Bf4 {[%clk 1:50:16]} e6
{[%clk 1:50:20]} 3. e3 {[%clk 1:49:53]} c5 {[%clk 1:50:16]} 4. c3
{[%clk 1:49:44]} Nc6 {[%clk 1:50:00]} 5. Nf3 {[%clk 1:49:11]} Nf6
{[%clk 1:49:55]} 6. Nbd2 {[%clk 1:48:43]} Be7 {[%clk 1:50:00]} 7. Bd3
{[%clk 1:48:33]} O-O {[%clk 1:49:50]} 8. Ne5 {[%clk 1:47:48]} Bd7
{[%clk 1:48:11]} 9. Qf3 {[%clk 1:45:21]} Re8 {[%clk 1:39:54]} 10. h4
{[%clk 1:42:34]} g6 {[%clk 1:28:30]} 11. h5 {[%clk 1:38:16]} Nxe5
{[%clk 1:19:37]} 12. dxe5 {[%clk 1:37:07]} Ne4 {[%clk 1:17:02]} 13. hxg6
{[%clk 1:35:56]} fxg6 {[%clk 1:15:58]} 14. Nxe4 {[%clk 1:35:41]} dxe4
{[%clk 1:14:11]} 15. Bxe4 {[%clk 1:35:42]} Bc6 {[%clk 1:09:29]} 16. Qh3
{[%clk 1:34:51]} Bf8 1-0